In Communion with Rome? - Sudden Death - Statistics

General Stats
  • This quiz has been taken 134 times
  • The average score is 8 of 23
Answers on the Grid
Answers color-coded by a green-red scale on the quiz's grid according to % correct below.
Albanian Catholic Church
Apostolic Catholic Church
Armenian Catholic Church
Belarusian Catholic Church
Bulgarian Catholic Church
Chaldean Catholic Church
Church of England
Coptic Catholic Church
Eritrean Catholic Church
Ethiopian Catholic Church
Evangelical Lutheran Church
Greek Byzantine Catholic Church
Greek Catholic Church of Croatia and Serbia
Greek Catholic Church of East Africa
Hungarian Catholic Church
Italo-Albanian Catholic Church
Macedonian Catholic Church
Maronite Church
Melkite Catholic Church
Reformed Catholic Church
Romanian Catholic Church
Russian Catholic Church
Russian Orthodox Church
Ruthenian Catholic Church
Siberian Catholic Church
Slovak Catholic Church
Syrian Catholic Church
Syro-Malabar Church
Syro-Malankara Catholic Church
Ukrainian Catholic Church
 
Answer Stats
Answer % Correct
Albanian Catholic Church
56%
Armenian Catholic Church
53%
Romanian Catholic Church
45%
Ethiopian Catholic Church
44%
Bulgarian Catholic Church
43%
Coptic Catholic Church
43%
Ukrainian Catholic Church
43%
Russian Catholic Church
40%
Greek Catholic Church of Croatia and Serbia
38%
Eritrean Catholic Church
38%
Slovak Catholic Church
37%
Greek Byzantine Catholic Church
36%
Hungarian Catholic Church
36%
Belarusian Catholic Church
35%
Syrian Catholic Church
34%
Chaldean Catholic Church
30%
Macedonian Catholic Church
30%
Ruthenian Catholic Church
30%
Maronite Church
26%
Italo-Albanian Catholic Church
24%
Melkite Catholic Church
24%
Syro-Malabar Church
19%
Syro-Malankara Catholic Church
17%
No matching quizzes found
Score Distribution
Percent of People with Each Score
Percentile by Number Answered
Your Score History
You have not taken this quiz